000 00519nmm a2200193Ia 4500
008 251105s9999||||xx |||||||||||||||||und||
020 _a9788498957709
041 _aspa
100 _aKerouac, Jack
245 0 _aPoemas dispersos
264 _a[Madrid, España] :
_bVisor Libros,
_c2011
300 _a160 páginas
490 _aVisor de Poesía
650 _aEnglish poetry
700 _aKerouac, Jack
700 1 _a Antolín, Mariano
856 _uhttps://public.digitaliapublishing.com/a/41182
942 _cCF
999 _c67454
_d67454